BIBLIOTECA

SENCICO

La gestión de la calidad / (Registro nro. 5033)

Detalles MARC
000 -LEADER
fixed length control field 00872nam a22002537a 4500
003 - CONTROL NUMBER IDENTIFIER
control field PE SENCICO BE
005 - DATE AND TIME OF LATEST TRANSACTION
control field 20251020182709.0
008 - FIXED-LENGTH DATA ELEMENTS--GENERAL INFORMATION
fixed length control field 241218b |||||||| |||| 00| 0 eng d
020 ## - INTERNATIONAL STANDARD BOOK NUMBER
International Standard Book Number 978-84-7356-954-5
040 ## - CATALOGING SOURCE
Original cataloging agency PE SENCICO BE
Transcribing agency PE SENCICO BE
041 ## - LANGUAGE CODE
Language code of text/sound track or separate title spa
082 ## - DEWEY DECIMAL CLASSIFICATION NUMBER
Classification number 658.4013
Item number S68
100 1# - MAIN ENTRY--PERSONAL NAME
9 (RLIN) 2764
Personal name Soret los Santos, Ignacio
Relator term autor
245 1# - TITLE STATEMENT
Title La gestión de la calidad /
Statement of responsibility, etc. Ignacio Soret los Santos, María Mercedes de Obeso
250 ## - EDITION STATEMENT
Edition statement [1a ed.]
260 ## - PUBLICATION, DISTRIBUTION, ETC.
Place of publication, distribution, etc. Madrid :
Name of publisher, distributor, etc. Esic editorial ;
Date of publication, distribution, etc. 2013
300 ## - PHYSICAL DESCRIPTION
Extent 90 p. :
Other physical details diagrs. ;
Dimensions 30 cm.
505 0# - FORMATTED CONTENTS NOTE
Formatted contents note Herramientas básicas para la calidad -- Metodologías de trabajo para la calidad -- Casos prácticos
650 10 - SUBJECT ADDED ENTRY--TOPICAL TERM
9 (RLIN) 486
Topical term or geographic name entry element Gestión de calidad
650 20 - SUBJECT ADDED ENTRY--TOPICAL TERM
9 (RLIN) 485
Topical term or geographic name entry element Control de calidad
700 1# - ADDED ENTRY--PERSONAL NAME
9 (RLIN) 2765
Personal name Mercedes de Obeso, María
Relator term autor
910 ## - USER-OPTION DATA (OCLC)
User-option data hfp
-- hfp
-- hfp
942 ## - ADDED ENTRY ELEMENTS (KOHA)
Source of classification or shelving scheme Dewey Decimal Classification
Koha item type Libros
Existencias
Fecha de la última vez que lo usaron Pago total Signatura topográfica completa Código de barras Precio efectivo desde Tipo de documento Estado perdido Sistema de clasificación Estado dañado No es para préstamo Retirado Ubicación permanente Ubicación actual Fecha de adquisición Fuente de adquisición
18/12/2024   658.4013/S68 BibLima24120031 18/12/2024 Libros   Dewey Decimal Classification       Biblioteca Central Lima Biblioteca Central Lima 18/11/2024 Comprado de la librería Cydma Tech